| 000 | 00626cam a2200205 i 4500 | ||
|---|---|---|---|
| 003 | OSt | ||
| 005 | 20260416174034.0 | ||
| 008 | 131008s2013 ii 001 0aeng d | ||
| 020 | _a9788124117392 (hbk) | ||
| 082 | 0 | 4 | _a330.092 MIS |
| 100 | 1 | _aMisra, Baidyanath | |
| 245 | 1 | 0 |
_aPursuit of destiny / _cBaidyanath Misra |
| 264 | 1 |
_aNew Delhi : _bHar-Anand Publications, _c2013. |
|
| 300 |
_a352 p. ; _c23 cm. |
||
| 650 | 0 |
_aEconomists _zIndia _zOdisha _vBiography. |
|
| 650 | 0 |
_aEducators _zIndia _zOdisha _vBiography. |
|
| 650 | 0 |
_aAuthors, Oriya _vBiography. |
|
| 700 | 1 |
_aMohanty, Ashok Kumar, _etranslator. |
|
| 942 |
_2ddc _cBK |
||
| 999 |
_c113782 _d113782 |
||